000 00436nam a2200145Ia 4500
008 230917s9999||||xx |||||||||||||| ||und||
040 _e227731
_aMAIN
041 _aEnglish
082 _a352.054558 A48S
100 _aAmit Kumar
245 0 _aSushasan ke roop mein nagarik adhikarpatra ki karya pranali: Jila prashasan Rohtak ke upayuktta karyalaya ke sandarbh mein ek adhyayan
260 _c2014
300 _a106 p.
942 _cTH
999 _c126688
_d126688